Алюминиевые сплавы; Структура и свойства полуфабрикатов из алюминиевых сплавов: справочник

Bibliografiset tiedot
Muut tekijät: Елагин В. И. Виктор Игнатович (редактор), Ливанов В. А.
Kieli:venäjä
Julkaistu: Москва, Металлургия, 1984
Painos:2-е изд., перераб. и доп.
Aiheet:
Aineistotyyppi: MixedMaterials Kirja
KOHA link:https://koha.lib.tpu.ru/cgi-bin/koha/opac-detail.pl?biblionumber=130223

MARC

LEADER 00000nam0a2200000 4500
001 130223
005 20231101220228.0
035 |a (RuTPU)RU\TPU\book\141042 
090 |a 130223 
100 |a 20080201d1984 k y0rusy50 ca 
101 0 |a rus 
102 |a RU 
105 |a a g 001zy 
200 1 |a Алюминиевые сплавы  |a Структура и свойства полуфабрикатов из алюминиевых сплавов  |e справочник  |f под ред. В. И. Елагина, В. А. Ливанова 
205 |a 2-е изд., перераб. и доп. 
210 |a Москва  |c Металлургия  |d 1984 
215 |a 408 с.  |c ил. 
320 |a Библиогр.: с. 400-406. 
606 |a Алюминиевые сплавы  |x Физико-химические свойства  |2 stltpush  |3 (RuTPU)RU\TPU\subj\21914  |9 46825 
610 1 |a алюминиевые изделия 
610 1 |a физико-механические свойства 
610 1 |a справочники 
610 1 |a структура 
610 1 |a свойства 
610 1 |a термомеханическая обработка 
610 1 |a листы 
610 1 |a ленты 
610 1 |a плиты 
610 1 |a профили 
610 1 |a трубы 
610 1 |a проволока 
675 |a 669.715:53(035)  |v 3 
702 1 |a Елагин  |b В. И.  |g Виктор Игнатович  |4 340 
702 1 |a Ливанов  |b В. А.  |4 340 
801 1 |a RU  |b 63413507  |c 20080201  |g PSBO 
801 2 |a RU  |b 63413507  |c 20170913  |g PSBO 
942 |c BK